Подъемно-транспортные машины строительной промышленности: атлас конструкций: учебное пособие

Библиографические подробности
Главный автор: Вайнсон А. А. Адольф Абрамович
Язык:русский
Опубликовано: Москва, Машиностроение, 1976
Издание:2-е изд., перераб. и доп.
Предметы:
Формат: Книга
Запись в KOHA:https://koha.lib.tpu.ru/cgi-bin/koha/opac-detail.pl?biblionumber=96389

MARC

LEADER 00000nam0a2200000 4500
001 96389
005 20231031110518.0
035 |a (RuTPU)RU\TPU\book\103188 
035 |a RU\TPU\book\103187 
090 |a 96389 
100 |a 20060512d1976 m y0rusy50 ca 
101 0 |a rus 
102 |a RU 
105 |a a j 000zy 
200 1 |a Подъемно-транспортные машины строительной промышленности  |e атлас конструкций: учебное пособие  |f А. А. Вайнсон 
205 |a 2-е изд., перераб. и доп. 
210 |a Москва  |d 1976  |c Машиностроение 
215 |a 152 с.  |c ил. 
610 1 |a подъемно-транспортные машины 
610 1 |a строительная промышленность 
610 1 |a лебедки 
610 1 |a подъемники 
610 1 |a краны 
610 1 |a конвейеры 
610 1 |a погрузчики 
610 1 |a учебные пособия 
675 |a 69.057.7(084)  |v 3 
700 1 |a Вайнсон  |b А. А.  |g Адольф Абрамович 
801 1 |a RU  |b 63413507  |c 20060512  |g PSBO 
801 2 |a RU  |b 63413507  |c 20120918  |g PSBO 
942 |c BK